000 00686nam a2200289Ia 4500
005 20260324143906.0
008 008 260324s9999 xx 000 0 eng d
020 _a9781003068419
037 _aEBOOK
040 _aCRL
040 _beng
040 _cCRL
041 _2eng
041 _aeng
084 _qCRL
100 _aZdzislaw E. Sikorski
_91198250
245 0 _aSeafood
245 0 _bResources, Nutritional Composition, and Preservation
260 _bTaylor and Francis
260 _c1990
365 _a
365 _b1160
856 _uhttp://www.taylorfrancis.com/books/9781003068419
942 _cEBOOK
999 _c1823244
_d1823244